000
00214nam a2200097Ia 4500
008
240625s9999 xx 000 0 und d
041
_a
eng
100
_a
P C QUEST
245
_a
P C QUEST J2SE 5 0 JDK
260
_c
2005
999
_c
33372
_d
33372